000 02063cam a2200289 4500500
005 20260419004228.0
041 _afre
042 _adc
100 1 0 _aPaiva de Toledo Piza, Ricardo
_eauthor
245 0 0 _aLa pratique psychanalytique dans le dispensaire public brésilien
260 _c2025.
500 _a41
520 _aRésuméCet article explore la relation entre psychanalyse et individualisme, en tenant compte de l’hétérogénéité des modes de socialisation selon les différents groupes et couches sociales. Pour ce faire, il examine la pratique psychanalytique auprès des classes populaires dans les dispensaires publics de Rio de Janeiro, au Brésil. En comparant les travaux de référence de Costa (1989) et de Figueiredo (1996), il met en lumière les défis spécifiques et les implications de ces approches, ainsi que le rôle que les sciences sociales peuvent jouer dans l’approfondissement de cette discussion.
520 _aAbstractThis article explores the relationship between psychoanalysis and individualism, taking into account the heterogeneity of socialization modes among different social groups and strata. To do so, it examines how psychoanalysis was practiced with the working classes in public mental health clinics in Rio de Janeiro, Brazil. By comparing key works by Costa (1989) and Figueiredo (1996), it highlights the specific challenges and implications of these approaches, as well as the role social sciences can play in deepening this discussion.
690 _aanthropologie du « nervoso »
690 _aclasses populaires
690 _aindividualisme
690 _ainterdisciplinarité
690 _apsychanalyse
690 _aAnthropology of the « Nervoso »
690 _aIndividualism
690 _aInterdisciplinarity
690 _aPsychoanalysis
690 _aWorking classes
786 0 _nL'Homme & la Société | 222 | 1 | 2025-12-02 | p. 193-216 | 0018-4306
856 4 1 _uhttps://shs.cairn.info/revue-lhomme-la-societe-2025-1-page-193?lang=fr&redirect-ssocas=7080
999 _c2215366
_d2215366